Jornadas chilenas del hormigón
Zapisane w:
| Format: | Książka |
|---|---|
| Język: | hiszpański |
| Wydane: |
Antofagasta
Universidad Católica del Norte
1996
|
| Hasła przedmiotowe: | |
| Etykiety: |
Dodaj etykietę
Nie ma etykietki, Dołącz pierwszą etykiete!
|
MARC
| LEADER | 00000nam a2200000 a 4500 | ||
|---|---|---|---|
| 001 | UCT5694 | ||
| 003 | CL-VaPUC | ||
| 005 | 20241121132519.0 | ||
| 008 | 961216e19960000cl 1 spa d | ||
| 082 | 0 | 4 | |a 620.136 |b JOR |2 21 |
| 245 | 1 | 0 | |a Jornadas chilenas del hormigón |
| 260 | |a Antofagasta |b Universidad Católica del Norte |c 1996 | ||
| 300 | |a v | ||
| 583 | |a last modification |c 19961216 00:00:00 |k Rodrigo Vera | ||
| 650 | 0 | 0 | |a Materiales de construcción |9 260197 |
| 650 | 0 | 0 | |a Hormigones |9 262546 |
| 650 | 0 | 7 | |a HORMIGON PROYECTADO |2 CL-VaPUC |9 618149 |
| 650 | 0 | 7 | |a HORMIGON ARMADO |2 CL-VaPUC |9 618150 |
| 650 | 0 | 0 | |a Resistencia de materiales |9 260095 |
| 650 | 0 | 0 | |a Calidad |9 320582 |
| 650 | 0 | 0 | |a Congresos |9 257560 |
| 942 | |c BK | ||
| 945 | |a rleighto |d 19961216 00:00:00 | ||
| 546 | |a En Español | ||
| 518 | |p Jornadas chilenas del hormigón, 11, Antofagasta, Octubre 1996 | ||
| 999 | |c 382804 |d 382802 | ||
| 952 | |0 0 |1 0 |4 0 |6 620_136000000000000_JOR_1996 |7 0 |8 A |9 504692 |a BIBING |b BIBING |d 2020-01-23 |h v.1 |i 326002K |o 620.136 JOR 1996 |p 326002K |r 2025-01-20 |w 2020-01-23 |y BK |k CCL | ||